Capitales d'Océanie - Statistiques

Statistiques générales
  • Ce quiz a été pris 30 fois
  • Le résultat moyen est 10 sur 14
Statistiques - réponses
Pays Capitale % Correct
Australie Canberra
100%
Nouvelle-Zélande Wellington
90%
Fidji Suva
86%
Papouasie-Nouvelle-Guinée Port Moresby
81%
Tuvalu Funafuti
76%
Vanuatu Port-Vila
71%
Nauru Yaren
71%
Iles Salomon Honiara
67%
Samoa Apia
62%
Tonga Nuku'alofa
62%
Iles Marshall Majuro
57%
Micronésie Palikir
57%
Kiribati Tarawa-Sud
57%
Palaos Melekeok
24%
Aucun quiz correspondant
Distribution des résultats
% des personnes avec chaque résultat
Percentile par nombre de réponses
Votre historique - résultats
Vous n’avez pas pris ce quiz